Statistiques concernant Culture Générale - Série 397

Cliquez ici pour prendre le quiz!

Statistiques générales

  • Ce quiz a été pris 174 fois
  • Le résultat moyen est 6 sur 10

Statistiques - réponses

QuestionRéponse% Correct
Quelle boisson peut être arabica ou robusta ?Le café
93%
Qui a écrit et composé le tube "Les Restos du coeur", sorti en 1985 ?Jean-Jacques Goldman
87%
Dans le conte d'Antoine de Saint-Exupéry, le Petit Prince demande à l'aviateur "S'il te plaît, dessine-moi un...Mouton
86%
Eugène Ionesco est l'auteur de "La Cantatrice...Chauve
80%
Dans quel sport s'illustre l'international français Frédéric Michalak ?Le rugby
80%
Quel est le nom du réalisateur de "Pulp Fiction" et de "Inglourious Basterds" ?Quentin Tarantino
68%
Quel était le nom de scène de l'acteur et chanteur André Raimbourg ?Bourvil
57%
Sous quel peudonyme connait-on mieux Léonie Marie Julie Bathiat ,actrice née en 1898 ?Arletty
36%
Dans "Peter Pan" de Walt Disney, quel objet bruyant le crocodile a-t-il avalé ?Un réveil
25%
Quelle actrice fut "La Comtesse aux pieds nus" pour le réalisateur Joseph L. Mankiewicz ?Ava Gardner
18%

Distribution des résultats

Percentile par nombre de réponses

% des personnes avec chaque résultat

Votre développement - résultats

Vous n’avez pas pris ce quiz